<?xml version="1.0" encoding="UTF-8"?>
<collection xmlns="http://www.loc.gov/MARC21/slim">
  <record>
    <leader>00000nam  2200000   4500</leader>
    <controlfield tag="001">INLIS000000000000714</controlfield>
    <controlfield tag="005">20180724135856</controlfield>
    <controlfield tag="008">180724|||||||||   |   |||   |||| ||   | </controlfield>
    <datafield tag="035" ind1=" " ind2=" ">
      <subfield code="0">010-0718000714</subfield>
    </datafield>
    <datafield tag="041" ind1=" " ind2=" ">
      <subfield code="a">id</subfield>
    </datafield>
    <datafield tag="082" ind1=" " ind2=" ">
      <subfield code="a">040</subfield>
    </datafield>
    <datafield tag="090" ind1=" " ind2=" ">
      <subfield code="a">R 040 PIM I 2015</subfield>
    </datafield>
    <datafield tag="100" ind1=" " ind2=" ">
      <subfield code="a">Musyafak</subfield>
    </datafield>
    <datafield tag="245" ind1=" " ind2=" ">
      <subfield code="a">Membangun E-Forensik Odontologi  Sistem guna Pendataan Odontogram Anggota dan Tahanan Polda Metro Jaya Untuk Proses Identifikasi Secara Ilmiah</subfield>
    </datafield>
    <datafield tag="260" ind1=" " ind2=" ">
      <subfield code="a">Jakarta</subfield>
      <subfield code="b">LAN Jakarta</subfield>
      <subfield code="c">2015</subfield>
    </datafield>
    <datafield tag="300" ind1=" " ind2=" ">
      <subfield code="a">36 hlm.; lamp</subfield>
    </datafield>
    <datafield tag="500" ind1=" " ind2=" ">
      <subfield code="a">Tujuan proyek perubahan ini terbagi menjadi tiga.  Pertama, tujuan jangka pendek (4 bulan) adalah terbentuknya sistem odontology forensik di tingkat Polda dan tingkat Polres serta terdatanya odontogram 5.000 anggota Polda Metro Jaya dan 400 tahanan Polda Metro Jaya.  Kedua, tujuan jangka menengah (1 tahun) adalah terbentuknya sistem odontologi forensic secara online pada tingkat Polda dan Polres serta terdatanya 10.000 tambahan anggota odontogram (menjadi 15.000 anggota) Polda Metro Jaya dan seluruh tahanan Polda Metro Jaya.  Ketiga, tujuan jangka panjang (2,5 tahun) adalah terdatanya odontogram seluruh anggota Polda Metro Jaya (32.000 anggota) dan seluruh tahanan Polda Metro Jaya, dan e-forensik odontologi sistem sebagai role model untuk diterapkan di seluruh Polda se-Indonesia.</subfield>
    </datafield>
    <datafield tag="650" ind1=" " ind2=" ">
      <subfield code="a">E-Forensik</subfield>
    </datafield>
  </record>
</collection>
